| 000 | 00800ntm a22002297a 4500 | ||
|---|---|---|---|
| 005 | 20170927110634.0 | ||
| 008 | 170802s2011 xx a frb 000 0 eng d | ||
| 040 |
_aEG-ScBUE _beng _cEG-ScBUE |
||
| 082 | 0 | 4 |
_a624 _bRAG _222 |
| 100 | 1 | _aRagal ,Sara. | |
| 245 | 1 | 0 |
_aPolitics in architecture / _cSara Ragal. |
| 260 | _c2011 | ||
| 300 |
_avii, 105 p. : _bill. (col); _c28 cm. |
||
| 500 | _aA Thesis Submitted to the Faculty of Engineering, The British University in Egypt, in partial Fulfillment of the Requirements for the Degree of Bachelor in Architectural Engineering | ||
| 590 | _aNagwa Hassan | ||
| 650 | 7 |
_aArchitectural engineering _vProjects. _2BUEsh |
|
| 653 |
_bENGARC _cAugust2017 |
||
| 655 | _vProjects - Students | ||
| 700 | 1 | _eths | |
| 777 | _AProjects - Students | ||
| 942 | _2ddc | ||
| 999 |
_c25105 _d25077 |
||